000 00677nam a2200253Ia 4500
003 OSt
005 20220918185929.0
006 a|||||r|||| 00| 0
007 ta
008 220917b |||||||| |||| 00| 0 eng d
024 _a53,530
037 _cTextual
040 _aARTS
_cARTS
_beng
041 _2eng
_aeng
082 _aP15:(R), 111N4
100 _aBera Sunil Kumar
_970723
245 0 _aRealist philosophy of language
260 _aCalcutta
_bSanskrit Pustak Bhandar
_c1994
300 _aiii,209p.
_ccm.
500 _aBib 197-208p
650 _aLINGUISTICS
942 _hP15:(R), 111N4
_cTEXL
_2CC
999 _c182699
_d182699